| 000 | 00962nam0a22002531 4500 | ||
|---|---|---|---|
| 001 | rc\287015 | ||
| 005 | 20250621021417.0 | ||
| 035 | _a(NLR Aleph) 005518763 | ||
| 090 |
_a5485345 _c5485345 |
||
| 100 | _a20030307d1990 |||y0rusy50 ca | ||
| 101 | 0 | _arus | |
| 102 | _aRU | ||
| 105 | _ay ||||||||| | ||
| 200 | 1 |
_aНеантагонистические игры _eУчеб. пособие _e[Для студентов по спец. "Прикл. математика"] _fМ-во высш. и сред. спец. образования РСФСР. Кемер. гос. ун-т |
|
| 210 |
_aКемерово _cКемГУ _d1990 |
||
| 215 |
_a99 с. _d20 |
||
| 320 | _aБиблиогр.: с. 90-91 | ||
| 700 | 1 |
_aДанилов _bН.Н. _gНиколай Николаевич |
|
| 701 | 1 |
_aЗенкевич _bН.А. _gНиколай Анатольевич |
|
| 801 | 0 |
_aRU _bNLR _gpsbo |
|
| 801 | 1 |
_aRU _bELAR _2rusmarc |
|
| 852 |
_aNLR _j90-4/15609 |
||
| 942 | _cBOOK | ||
| 980 | _aNB | ||